Pays qui criminalisent l'homosexualité - Statistiques

Statistiques générales
  • Ce quiz a été pris 177 fois
  • Le résultat moyen est 41 sur 67
Statistiques - réponses
Hint Réponse % Correct
Afrique du Nord Algérie
95%
Afrique du Nord Maroc
90%
Moyen-Orient Emirats arabes unis
86%
Moyen-Orient Arabie Saoudite
77%
Afrique du Nord Egypte
76%
Moyen-Orient Irak
76%
Afrique de l'Ouest Mali
76%
Afrique de l'Ouest Sénégal
76%
Afrique centrale Soudan du Sud
76%
Moyren-Orient Iran
74%
Asie du Sud-Est Indonésie
72%
Afrique Nord/Est Soudan
72%
Afrique du Nord Libye
71%
Asie centrale Afghanistan
70%
Moyen-Orient Qatar
70%
Corne de l'Afrique Somalie
70%
Corne de l'Afrique Ethiopie
69%
Afrique de l'Ouest Nigeria
69%
Asie du Sud/Ouest Pakistan
69%
Afrique du Nord Tunisie
69%
Afrique de l'Est Kenya
66%
Afrique de l'Ouest Mauritanie
66%
Moyen-Orient Oman
66%
Moyen-Orient Yémen
65%
Afrique centrale Cameroun
64%
Corne de l'Afrique Erythrée
64%
Afrique de l'Ouest Guinée
64%
Afrique centrale Tchad
64%
Afrique de l'Ouest Togo
63%
Afrique de l'Ouest Bénin
62%
Afrique insulaire Comores
62%
Moyen-Orient Jordanie
61%
Asie du Sud Bangladesh
60%
Afrique de l'Ouest Ghana
60%
Afrique centrale Zambie
60%
Moyen-Orient Koweït
59%
Asie du Sud-Est Malaisie
59%
Afrique australe Zimbabwe
59%
Afrique centrale Angola
57%
Afrique australe Namibie
57%
Afrique centrale/Est Ouganda
57%
Afrique de l'Est Tanzanie
57%
Afrique de l'Ouest Liberia
56%
Afrique de l'Ouest Gambie
55%
Afrique australe Lesotho
55%
Océan indien Maldives
55%
Asie du Sud Birmanie
54%
Asie centrale Turkménistan
54%
Afrique de l'Est Burundi
53%
Afrique australe Eswatini
53%
Afrique australe Malawi
53%
Asie du Sud Sri Lanka
53%
Antilles Jamaïque
52%
Océanie Kiribati
51%
Asie centrale Ouzbékistan
51%
Afrique de l'Ouest Sierra Leone
51%
Afrique australe Botswana
50%
Océanie Tuvalu
49%
Amérique du Sud Guyana
47%
Antilles Sainte-Lucie
47%
Océanie Samoa
46%
Océanie Tonga
46%
Antilles Barbade
44%
Océanie Salomon
44%
Antilles Saint-Vincent-et-les-Grenadines
43%
Antilles Dominique
37%
Océanie Papouasie-Nouvelle-Guinée
36%
Aucun quiz correspondant
Distribution des résultats
% des personnes avec chaque résultat
Percentile par nombre de réponses
Votre historique - résultats
Vous n’avez pas pris ce quiz